00776nam a2200229Ia 4500008004100000020001500041050002300056100002400079240003300103245008000136260003100216300003800247336001000285337001400295338001200309500003500321504003900356505008200395650003000477650001300507700002600520120720s2002 hk a 000 0 spa d a9688873950 aZ250.5bB3518 2002 aBaines, Phileautor aType & Tipographylespañol aTipografíab : función, forma y diseñoc / Phil Baines, Andrew Haslam aBarcelonab : Gilic, 2002 a192 páginasb : ilustraciones  atexto asin medio avolumen aIncluye: glosario (pp.172-173) aIncluye: bibliografia (pp.174-175) aDefinición Función Forma Elaboración y diseño Estructura Convenios 10aCARACTERES TIPOGRÁFICOS20aIMPRENTA aHaslam, Andreweautor